000 00313nam a22001457a 4500
003 SGT
020 _a9788126519255
082 _bCOT
100 _aCOTTON F. ALBERT
245 _aCHEMICAL APPLICATIONS OF GROUP THEORY
250 _a3RD
260 _bWILLEY INDIA
_c2017
300 _a461
942 _2ddc
_cBK
_06
999 _c16407
_d16407